Religion Quiz

Random Religion or Church Quiz

Parts of Religious Buildings Quiz Stats

Quiz Updated Nov 7, 2017

Challenge
Share
Tweet
Embed
Score 0/15 Timer 05:00
0 Plays Today
Question Answer Wrong Answers
Altar Church
94.5%
Mosque
0.7%
Synagogue
1.8%
Torah Scrolls Synagogue
91.2%
Church
1.2%
Mosque
4.4%
Menorah Synagogue
90.5%
Church
1.3%
Mosque
5%
Qubba Mosque
89.1%
Church
0.8%
Synagogue
6.7%
Nave Church
86.7%
Mosque
4.1%
Synagogue
6%
Mihrab Mosque
84.2%
Church
0.8%
Synagogue
11.5%
Apse Church
81%
Mosque
7.4%
Synagogue
8.3%
Chancel Church
80.1%
Mosque
4.8%
Synagogue
11.9%
Sahn Mosque
76.7%
Church
1.4%
Synagogue
18.5%
Yad Synagogue
76%
Church
1.1%
Mosque
19.4%
Transept Church
75.1%
Mosque
7.3%
Synagogue
14.4%
Minaret Mosque
72.2%
Church
10.7%
Synagogue
13.7%
Minbar Mosque
63.1%
Church
2.6%
Synagogue
31%
Ark Synagogue
58.6%
Church
36.2%
Mosque
2%
Bimah Synagogue
42.4%
Church
1.2%
Mosque
53.2%

You're not logged in!

Compare scores with friends on all Sporcle quizzes.
Sign Up with Email
OR
Log In

You Might Also Like...

Show Comments

Extras

Top Quizzes Today


Score Distribution

Your Account Isn't Verified!

In order to create a playlist on Sporcle, you need to verify the email address you used during registration. Go to your Sporcle Settings to finish the process.

Report this User

Report this user for behavior that violates our Community Guidelines.

Details: